Náležitosti návrhu na výmaz ochrannej známky

Od 1. januára 2003 nadobudla účinnosť vyhláška Úradu priemyselného vlastníctva SR o ochranných známkach - podstatné zmeny. Námietky proti zápisu označenia do registra ako ochrannej známky. Povinnosti namietateľa a povinnosti navrhovateľa.

Gespeichert in:
Bibliographische Detailangaben
1. Verfasser: Pauličková, Alena
Format: Buchkapitel
Sprache:Slowakisch
Schlagworte:
Tags: Tag hinzufügen
Keine Tags, Fügen Sie das erste Tag hinzu!

MARC

LEADER 00000naa a2200000 4500
001 r047866
005 20230925123141.8
041 0 |a slo 
044 |a SK 
245 1 0 |a Náležitosti návrhu na výmaz ochrannej známky  |c Alena Pauličková 
520 |a Od 1. januára 2003 nadobudla účinnosť vyhláška Úradu priemyselného vlastníctva SR o ochranných známkach - podstatné zmeny. Námietky proti zápisu označenia do registra ako ochrannej známky. Povinnosti namietateľa a povinnosti navrhovateľa. 
610 2 0 |a známky ochranné 
610 2 0 |a vyhlášky 
610 2 0 |a novelizácia 
610 2 0 |a úpravy právne 
610 2 0 |a právo patentové 
610 2 0 |a právo priemyselné 
610 2 0 |a vlastníctvo duševné 
610 2 0 |a vlastníctvo priemyselné 
100 1 |a Pauličková, Alena